[Event "Potiguar-ch"]
[Site "Natal"]
[Date "2014.08.16"]
[Round "3"]
[White "Pinto, Rodrigo Saads"]
[Black "Soares, Mateus Lacerda"]
[Result "0-1"]
[WhiteElo "1757"]
[BlackElo "1800"]
[PlyCount "42"]
[EventDate "2014.08.15"]
[EventType "swiss"]
[EventRounds "9"]
[EventCountry "BRA"]
[SourceTitle "CBM 162 Extra"]
[Source "ChessBase"]
[SourceDate "2014.10.17"]
[SourceVersion "1"]
[SourceVersionDate "2014.10.17"]
[SourceQuality "1"]

1. e4 e5 2. Nf3 Nc6 3. Bc4 Bc5 4. b4 Bxb4 5. c3 Bc5 6. d4 exd4 7. Qb3 Qe7 8. 0-0 Na5 9. Qa4 Nxc4 10. Qxc4 dxc3 11. Nxc3 d6 12. Re1 Be6 13. Qb5+ c6 14. Qa4 Nf6 15. e5 dxe5 16. Nxe5 Qc7 17. Bf4 Bd6 18. Nd3 0-0 19. Qd4 Rad8 20. Bg5 Bxh2+ 21. Kf1 Rxd4 0-1

[Event "Natal Potiguar IRT op"]
[Site "Natal"]
[Date "2014.03.28"]
[Round "1"]
[White "Jordao Barbosa, Marcio Ferre"]
[Black "Pinto, Rodrigo Saads"]
[Result "1-0"]
[WhiteElo "1958"]
[BlackElo "1751"]
[PlyCount "47"]
[EventDate "2014.03.28"]
[EventType "swiss"]
[EventRounds "5"]
[EventCountry "BRA"]
[SourceTitle "CBM 159 Extra"]
[Source "ChessBase"]
[SourceDate "2014.04.24"]
[SourceVersion "1"]
[SourceVersionDate "2014.04.24"]
[SourceQuality "1"]

1. e4 e5 2. Nf3 Nc6 3. d4 exd4 4. Nxd4 Nf6 5. Nxc6 bxc6 6. e5 Qe7 7. Qe2 Nd5 8. c4 Nb6 9. b3 Ba6 10. Bb2 0-0-0 11. Nd2 d5 12. exd6 Qxe2+ 13. Bxe2 Rxd6 14. Bg4+ Nd7 15. Ne4 Rg6 16. Bf5 Bb4+ 17. Kf1 f6 18. Rd1 Rh6 19. Bxd7+ Kb8 20. Bc1 Rh5 21. Bxc6 Bb7 22. Bxb7 Kxb7 23. a3 Re8 24. Ng3 1-0